00816nam a2200145 a 4500001001000000003000400010005001700014008004100031040002500072082003100097110004800128245032700176260011800503610004900621000033327OSt20201216124721.0110824s1937 dr 000 0 spa d aDO-SdBNPbspacBNPHU 4a355.3 b R426m , 19372221 aRepública DominicanabEjercito Nacional. 0aMemoria que al honorable presidente de la República generalisimo doctor Rafael L. Trujillo Molina, benefactor de la patria presenta el mayor general José García, M. M. Secretario de Estado de lo Interior policia. Guerra y Marina, relativa a las labores realizadas en el departamento a su cargo durante el año 1937. aCiudad Trujillo, República Dominicana :bSecretaría de Estado de lo Interior policia. Guerra y Marina,c1937.14aRepública Dominicana.bEjercito Nacional .